| 000 | 00611nam a2200229Ia 4500 | ||
|---|---|---|---|
| 003 | OSt | ||
| 005 | 20220928143059.0 | ||
| 006 | a|||||r|||| 00| 0 | ||
| 007 | ta | ||
| 008 | 220927b |||||||| |||| 00| 0 eng d | ||
| 024 | _a21053 | ||
| 037 | _cTextual | ||
| 040 |
_aSDCL _cSDCL _beng |
||
| 041 |
_2eng _aeng |
||
| 082 | _aP152:795, M4 | ||
| 100 |
_aTiwari Bholanath _9391688 |
||
| 245 | 0 | _aBhartiya bhashaon se Hindi anuvaad ke smasyaen. | |
| 260 | _c1984 | ||
| 700 |
_a Bala Kiran _9404204 |
||
| 942 |
_hP152:795, M4 _cTEXL _2CC |
||
| 999 |
_c823115 _d823115 |
||